Ai Strategy To Execution (Record no. 41114)
[ view plain ]
| 000 -LEADER | |
|---|---|
| fixed length control field | 00311nam a2200133Ia 4500 |
| 008 - FIXED-LENGTH DATA ELEMENTS--GENERAL INFORMATION | |
| fixed length control field | 240703s9999 xx 000 0 und d |
| 041 ## - LANGUAGE CODE | |
| Language code of text/sound track or separate title | eng |
| 100 ## - MAIN ENTRY--PERSONAL NAME | |
| Personal name | Bradshaw, Kumar |
| 245 ## - TITLE STATEMENT | |
| Title | Ai Strategy To Execution |
| 260 ## - PUBLICATION, DISTRIBUTION, ETC. | |
| Name of publisher, distributor, etc. | Wiley India |
| 365 ## - TRADE PRICE | |
| Currency code | RS. |
| Price amount | 999.00 |
| 906 ## - LOCAL DATA ELEMENT F, LDF (RLIN) | |
| b | 35 |
| Withdrawn status | Lost status | Source of classification or shelving scheme | Damaged status | Not for loan | Home library | Current library | Shelving location | Date acquired | Source of acquisition | Cost, normal purchase price | Total Checkouts | Full call number | Barcode | Date due | Date last seen | Date last checked out | Copy number | Cost, replacement price | Price effective from | Koha item type |
|---|---|---|---|---|---|---|---|---|---|---|---|---|---|---|---|---|---|---|---|---|
| Dewey Decimal Classification | IMTN | IMTN | Rack 26-B | 07/03/2024 | Shridhar Rao (Staff) | 999.00 | 5 | 658.4030 BRA | 33523 | 05/13/2026 | 01/13/2026 | 01/13/2026 | 1 | 649.35 | 07/03/2024 | Books |